000 00362 a2200157 4500
001 151850
040 _cEscola São Tomás de Aquino
100 _aTERLOW, Jan.
240 1 0 _aSete desafios para ser rei.
_lpor
245 1 0 _aSete desafios para ser rei.
300 _a176
362 0 _a2000
440 1 _aÁtica
697 _a*LITERATURA JUVENIL
942 _cBK
999 _c151850
_d151850